Loading...
A concise history of Bulgaria/
| Main Author: | |
|---|---|
| Format: | Printed Book |
| Published: |
Cambridge:
Cambridge University Press,
1997.
|
| Subjects: |
| LEADER | 00517nam a22001571a 4500 | ||
|---|---|---|---|
| 999 | |c 8804 |d 8804 | ||
| 020 | |a 9780521567190 | ||
| 082 | |a 949.77 |b CRA/C | ||
| 100 | |a Crampton R J | ||
| 245 | |a A concise history of Bulgaria/ |c by Crampton R J | ||
| 260 | |a Cambridge: |b Cambridge University Press, |c 1997. | ||
| 300 | |a 259p. | ||
| 650 | |a History Bulgaria | ||
| 650 | |a History | ||
| 942 | |c BK | ||
| 952 | |0 0 |1 0 |4 0 |6 949_770000000000000_CRA_C |7 0 |9 13014 |a SSUS |b SSUS |d 2015-01-08 |g 906.50 |o 949.77 CRA/C |p 035050 |r 2015-01-08 |v 0.00 |w 2015-01-08 |y BK | ||